Riconosci la Squadra di calcio - Quiz n°132 - Statistics

Statistiche generali
  • Questo quiz è stato fatto 6 volte
  • Il punteggio medio è 7 su 9
Statistiche sulle risposte
Indizio Risposta % Corretto
Titoli nazionali 1 Titolo di Francia
100%
Colori sociali Blu, arancione
100%
Trofei nazionali 2 Coppe di Francia
83%
Divisione nazionale 2023-2024 Prima
83%
Fondazione 1919
67%
Trofei internazionali 1 Coppa Intertoto UEFA
67%
Capienza Stadio 32 900 posti
67%
Squadra Montpellier
67%
Confederazione UEFA
67%
Nessun quiz corrispondente trovato
Distribuzione punteggi
Percentuale di utenti per punteggio
Percentile per numero di risposta
I tuoi punteggi nel tempo
Non hai fatto questo quiz